000 00247nam a22000857a 4500
008 161126b xxu||||| |||| 00| 0 eng d
100 _91466
_aYoung Learners
245 _aAli Baba and Forty Trieves
260 _aNew Delhi
_bYoung Learners publication
_c2011
999 _c4187
_d4187